000
00332nam a22001457a 4500
003
SGT
020
_a
9780195665031
082
_a
340.520 954,MEN
100
_a
MENSKI,WERNER
245
_a
HINDU LAW BYOND TRADITION AND MODERNITY
260
_a
NEW DELHI
_b
OXFORD
_c
2003
300
_a
648
650
_a
HINDU LAW
942
_2
ddc
_c
BK
999
_c
10516
_d
10516